| 000 | 00530nam a2200193 a 4500 | ||
|---|---|---|---|
| 005 | 20240919063848.0 | ||
| 008 | 070119s2004 mx r 000 0 spa d | ||
| 020 | _a9706518061 | ||
| 035 | _aUPN01000148721 | ||
| 049 | _aCG | ||
| 050 | 4 |
_aJL1224 _bM4.4 |
|
| 100 | 1 | _aMedina Plascencia, Carlos | |
| 245 | 1 | 0 |
_aAhora es cuándo / _cCarlos Medina Plascencia. |
| 260 |
_aMéxico : _bOcéano, _c2004. |
||
| 300 |
_a411 p. : _bil. |
||
| 440 | 0 | _aTiempo de México | |
| 651 | 4 |
_aMéxico _xPolítica y gobierno _94512 |
|
| 905 | _aLibro | ||
| 999 |
_c120862 _d120862 |
||